|
|
|
|
| LEADER |
00743nab a2200205 i 4500 |
| 001 |
publ35395 |
| 005 |
20250107090835.0 |
| 008 |
250107s2024 hu o 000 eng d |
| 022 |
|
|
|a 0713-8083
|
| 024 |
7 |
|
|a 10.5325/hungarianstud.51.1.0063
|2 doi
|
| 024 |
7 |
|
|a 34940888
|2 mtmt
|
| 040 |
|
|
|a SZTE Publicatio Repozitórium
|b hun
|
| 041 |
|
|
|a eng
|
| 100 |
1 |
|
|a Bencsik Péter
|
| 245 |
1 |
4 |
|a The Impact of Emigration on Hungarian Citizenship Law, 1945–64
|h [elektronikus dokumentum] /
|c Bencsik Péter
|
| 260 |
|
|
|c 2024
|
| 300 |
|
|
|a 63-87
|
| 490 |
0 |
|
|a HUNGARIAN STUDIES REVIEW
|v 51 No. 1
|
| 650 |
|
4 |
|a Történettudomány és régészet
|
| 856 |
4 |
0 |
|u http://publicatio.bibl.u-szeged.hu/35395/1/TheImpactofEmigrationonHungarianCitizenship.pdf
|z Dokumentum-elérés
|